000
00282nam a22001097a 4500
008
160702b xxu||||| |||| 00| 0 eng d
100
_9
1775
_a
Bhatia, R.L
245
_a
Graded Pictorial Grammer
260
_a
N.D
_b
Arya
_c
2005
300
_a
Graded Pictorial Grammer
942
_2
ddc
_c
BK
999
_c
1479
_d
1479